Score 0/40 Timer 08:00
0 Plays Today
Population City % Correct
6,321,173Lima
97.3%
5,428,590Santiago
95.9%
10,886,518Sao Paulo
95.6%
6,840,116Bogota
95.6%
3,776,138Buenos Aires
95.6%
6,093,472Rio De Janeiro
95%
5,576,000Caracas
94.4%
2,455,903Brasilia
89.4%
1,303,182Montevideo
88.5%
1,399,378Quito
86.7%
2,214,494Medellin
80.8%
2,412,937Belo Horizonte
77.3%
2,892,625Salvador
76.7%
2,119,908Cali
73.5%
1,533,580Recife
71.1%
1,612,475Manaus
68.1%
1,420,667Porto Alegre
68.1%
2,431,415Fortaleza
67.8%
1,613,211Cordoba
67%
1,985,379Guayaquil
65.8%
Population City % Correct
4,163,670Maracaibo
62.2%
1,325,090Rosario
62.2%
1,408,847Belem
59.3%
1,797,408Curitiba
59%
2,585,202Valencia
57.8%
1,113,582Santa Cruz de la Sierra
53.1%
1,146,359Barranquilla
46.3%
892,545Cartagena
45.7%
1,109,104Mendoza
43.4%
1,244,645Goiania
36.9%
1,039,297Campinas
35.7%
957,899Sao Luis
35.7%
957,800La Plata
34.5%
1,302,000Maracay
24.8%
1,600,000Barquisimeto
23.9%
874,014Maceio
22.7%
1,236,192Guarulhos
20.1%
960,631Sao Goncalo
15.6%
903,100San Miguel de Tucuman
12.4%
946,606Cuidad Guayana
2.9%

You're not logged in!

Compare scores with friends on all Sporcle quizzes.
OR
Log In

Sporcle TV

Today on Sporcle TV


Watch our educational content, quiz creation guides, and fun videos on Sporcle TV.

Show Comments

Extras

Top Quizzes Today


Score Distribution

Paid Content

Your Account Isn't Verified!

In order to create a playlist on Sporcle, you need to verify the email address you used during registration. Go to your Sporcle Settings to finish the process.

Report this User

Report this user for behavior that violates our Community Guidelines.

Details: